|
|
|
|
| LEADER |
02382nam a22004214a 4500 |
| 001 |
EBC257249 |
| 003 |
MiAaPQ |
| 005 |
20200520144314.0 |
| 006 |
m o d | |
| 007 |
cr cn||||||||| |
| 008 |
031208s2004 inua sb s001 0 eng |
| 020 |
|
|
|z 0253344077 (cloth : alk. paper)
|
| 020 |
|
|
|z 0253216842 (pbk. : alk. paper)
|
| 035 |
|
|
|a (MiAaPQ)EBC257249
|
| 035 |
|
|
|a (Au-PeEL)EBL257249
|
| 035 |
|
|
|a (CaPaEBR)ebr10097303
|
| 035 |
|
|
|a (CaONFJC)MIL207184
|
| 035 |
|
|
|a (OCoLC)62585663
|
| 040 |
|
|
|a MiAaPQ
|c MiAaPQ
|d MiAaPQ
|
| 050 |
|
4 |
|a HD82
|b .U18 2004
|
| 082 |
0 |
4 |
|a 338.9
|2 22
|
| 245 |
0 |
0 |
|a UN contributions to development thinking and practice
|h [electronic resource] /
|c Richard Jolly ... [et al.].
|
| 246 |
3 |
|
|a United Nations contributions to development thinking and practice
|
| 260 |
|
|
|a Bloomington :
|b Indiana University Press,
|c c2004.
|
| 300 |
|
|
|a xviii, 387 p. :
|b ill.
|
| 490 |
1 |
|
|a United Nations intellectual history project
|
| 504 |
|
|
|a Includes bibliographical references (p. 319-367) and index.
|
| 505 |
0 |
|
|a Has there been progress? : values and criteria for UN history -- The history of development thinking from Adam Smith to John Maynard Keynes -- The 1940s and 1950s : the foundations of UN development thinking and practice -- The 1960s : the UN development decade--mobilizing for development -- The 1970s : equity in development -- The 1980s : losing control and marginalizing the poorest -- The 1990s : rediscovering a human vision -- Building the human foundations -- Structural and sectoral change -- The record of performance -- UN contributions and missed opportunities -- Lessons for the future : development thinking and the UN's future -- Appendix: Country categories and distribution of population and GDP by regions.
|
| 533 |
|
|
|a Electronic reproduction. Ann Arbor, MI : ProQuest, 2015. Available via World Wide Web. Access may be limited to ProQuest affiliated libraries.
|
| 610 |
2 |
0 |
|a United Nations
|x History.
|
| 650 |
|
0 |
|a Economic development
|x International cooperation
|x History.
|
| 650 |
|
0 |
|a Human rights
|x Economic aspects.
|
| 650 |
|
0 |
|a Poverty
|x Prevention.
|
| 655 |
|
4 |
|a Electronic books.
|
| 700 |
1 |
|
|a Jolly, Richard.
|
| 710 |
2 |
|
|a ProQuest (Firm)
|
| 830 |
|
0 |
|a United Nations intellectual history project.
|
| 856 |
4 |
0 |
|u https://ebookcentral.proquest.com/lib/matrademy/detail.action?docID=257249
|z Click to View
|